00578 2200205 4500001002100000005001700021008004100038020001800079035002500097082001100122090001800133100001700151245006200168260004100230300002900271500003100300650001400331850001200345999001500357YOGYA-0209000001957720150820102449.0 ind  a979-499-042-6 a0010-020900000019577 a355.43 a355.43bAwa M aAWAT, Napa J aManajemen StrategibSuatu pendekatan sistemcNapa J. Awat aYogyakartabLiberty Yogyakartac1989 aviii, 138 hlm. ;c21 cm. aBibliografi : hlm. 117-119 aManajemen aYOPDYOG a94P0054973